000 00143nam a22000857a 4500
082 _a823
100 _aANN
245 _aTHE GREEDY FOX
942 _cBK
999 _c8355
_d8355